00287nam a2200121Ia 4500008004100000041000900041082001700050100002400067245002200091260003600113300000800149650000800157230718s9999 xx 000 0 und d aEng. a344.5bABI-P aAbid S.A (BARE ACT) 0apolice order 2002 aPakistanbPunjab law bookc2012 a187 aLaw